000 00451nam a2200181Ia 4500
005 20240823015158.0
008 240823s9999||||xx |||||||||||||| ||und||
041 _aENGLISH
082 _A004 P1
100 _aSharma R K
245 0 _aComputer Engineering and Operating Systems
250 _a1st
260 _c2001
_bDhanpat Rai &
_aDelhi
500 _aYES
650 _aOperating System
_bComputer Applications
942 _cBK
999 _c171819
_d171819